| 000 | 00000nas 2200000za 4500 |
|---|---|
| 001 | 9.514731 |
| 003 | CaOODSP |
| 005 | 20241115081402 |
| 007 | ta |
| 008 | 150406c1998||||xxc|| m #||||f| |0eng|d |
| 040 | |aCaOODSP|beng |
| 043 | |an-cn--- |
| 086 | 1 |aH42-2/4E |
| 110 | 1 |aCanada. |bDrugs Directorate. |
| 245 | 10|aTherapeutic products programme guideline |
| 260 | |aOttawa - Ontario : |bHealth Canada. |
| 563 | |aLoose-leaf |
| 775 | 08|tDirectives du programme des produits thérapeutiques |w(CaOODSP)9.513091 |
| 776 | 0#|tTherapeutic Products Programme guideline |w(CaOODSP)9.507557 |